| 000 | 00479cam a2200181ua 4500 | ||
|---|---|---|---|
| 001 | 1854 | ||
| 008 | 110811n ii |||gr||||Z||||||eng | ||
| 040 | _cMAIN | ||
| 082 | _a370.54 | ||
| 100 |
_aChaube, S. P., _eAuthor. |
||
| 245 | 1 |
_aRecent educational philosophies in india _cby S. P. Chaube |
|
| 250 | _a1st. | ||
| 260 |
_aAgra: _bRam prasad & sons. |
||
| 300 |
_axiii; 308p: _c23cm. |
||
| 653 | _aEducation | ||
| 653 | _aRecent educational philosophies in india | ||
| 942 | _cBK | ||
| 999 |
_c1736 _d1736 |
||